000 00356nam a2200145Ia 4500
008 191201s2005 xx 000 0 und d
082 _a005.74
_bRID
100 _aRICARDO, Catherine M
245 0 _aDatabase Illuminated
250 _a1st
260 _aN.Delhi
_bNarosa Publication House
_c2005
300 _a874
650 _aB.Tech(ECE)
942 _2ddc
_cBK
999 _c2085
_d2085